[Event "Ponteareas U2200 op 1st"]
[Site "Ponteareas"]
[Date "2019.03.03"]
[Round "5.1"]
[White "Fernandez de Armas, Luis"]
[Black "Dapia Silva, Miguel Angel"]
[Result "1/2-1/2"]
[WhiteElo "2036"]
[BlackElo "1828"]
[PlyCount "32"]
[EventDate "2019.03.02"]
[EventType "swiss"]
[EventRounds "5"]
[EventCountry "ESP"]
[SourceTitle "EXT 2024"]
[Source "ChessBase"]
[SourceDate "2023.10.10"]
[SourceVersion "1"]
[SourceVersionDate "2023.10.10"]
[SourceQuality "1"]

1. c4 f5 2. g3 c6 3. Nf3 Nf6 4. b3 e6 5. Bb2 d5 6. Bg2 Bd6 7. 0-0 Qe7 8. d4 0-0 9. Nbd2 Bd7 10. Ne5 Be8 11. Qc2 Bh5 12. Rae1 Nbd7 13. Nd3 g5 14. e3 Rf7 15. f3 g4 16. f4 Bg6 1/2-1/2

[Event "Ponteareas U2200 op 1st"]
[Site "Ponteareas"]
[Date "2019.03.02"]
[Round "2.4"]
[White "Dapia Silva, Miguel Angel"]
[Black "Roig Marino, Ignacio"]
[Result "1-0"]
[WhiteElo "1828"]
[BlackElo "1284"]
[PlyCount "43"]
[EventDate "2019.03.02"]
[EventType "swiss"]
[EventRounds "5"]
[EventCountry "ESP"]
[SourceTitle "EXT 2024"]
[Source "ChessBase"]
[SourceDate "2023.10.10"]
[SourceVersion "1"]
[SourceVersionDate "2023.10.10"]
[SourceQuality "1"]

1. e4 e5 2. Nf3 Nc6 3. Bc4 Nf6 4. Ng5 d5 5. exd5 Nxd5 6. Nxf7 Kxf7 7. Qf3+ Qf6 8. Bxd5+ Be6 9. Nc3 Nd4 10. Bxe6+ Nxe6 11. Qe4 c6 12. 0-0 Bc5 13. Ne2 g5 14. b4 Bb6 15. Bb2 Bc7 16. d4 Nxd4 17. Nxd4 Rae8 18. Nf3 h5 19. Rae1 g4 20. Nxe5+ Rxe5 21. Bxe5 Qh4 22. Qf5+ 1-0